000 00740nam a2200217Ii 4500
003 JO-AjNU
008 230606s9999||||xx |||||||||||||| ||und||
020 _a978-0-273-65184-6
040 _aJO-AjNU
_beng
_erda
_cJO-AjNU
041 _aeng
050 1 4 _aHF5686.I56.R63 2002
100 3 _aRoberts, Clare, Pauline Weetman, Paul Gordon,
_eauthor
_96857
245 0 0 _aINTERNATIONAL FINANCIAL ACCOUNTING: A COMPARATIVE APPROACH
250 _a2nd ed
264 3 1 _aLondon: prentice Hall, 2002
300 _a758p
336 _atext
_btxt
_2rdacontent
337 _aunmediated
_bn
_2rdamedia
338 _avolume
_bnc
_2rdacarrier
650 4 _aInternational business enterprises-Finance- Accounting- Staandards-International-cooperation
_96858
999 _aE3589
_c3553
_d3553